Mistrzowie WBW - Statystyki

Ogólne statystyki
  • Ten quiz został rozwiązany 15 razy
  • Średni wynik to 14 z 18
Statystyki odpowiedzi
Edycja Mistrz % Poprawnych
2014 Edzio
100%
2015 Edzio
100%
2019 Koro
100%
2016 Bober
92%
2017 Bober
92%
2024 Recha
92%
2004 Duże Pe
85%
2018 Ryba
85%
2013 Szyderca
85%
2009 Flint
77%
2006 Muflon
77%
2008 Muflon
77%
2012 Czeski
69%
2007 Eskobar
62%
2003 Rufin MC
62%
2005 Pogo
54%
2011 Kopek
46%
2010 Sosen
38%
Nie znaleziono quizów pasujących do podanych kryteriów
Rozkład punktacji
Procent ludzi z każdym wynikiem
Percentyl według liczby udzielonych odpowiedzi
Twoja historia wyników
Nie rozwiązałeś tego quizu